000 00426nam a2200157 i 4500
001 77158
003 ES-MaACL
005 20230906173112.0
007 t|
008 041007s1930 xxk ||||1| eng d
100 1 _aGwynn, Denis.
_961328
245 1 0 _aEdward Martyn and the Irish revival /
_cby Denis Gwynn.
260 _aLondon :
_bJonathan Cape,
_c1930.
300 _a349 p., 8 lám. ;
_c20 cm.
852 _aES-MaACL
_jA-1531
999 _c77158
_d77158